En el nombre de Jesús: un nuevo modelo de responsable de la comunidad cristiana

Saved in:
Bibliografiske detaljer
Hovedforfatter: Nouwen, Henri Jozef Machiel (autor)
Format: Bog
Sprog:spansk
Udgivet: Madrid PPC 1998
Udgivelse:5a. ed
Serier:Colección Sauce, 6
Fag:
Tags: Tilføj Tag
Ingen Tags, Vær først til at tagge denne postø!

MARC

LEADER 00000nam a2200000 a 4500
001 UCN0790
003 CL-VaPUC
008 010330e19980000SP |||||||||||||||||spa|d
082 0 4 |a 248.8  |b NOU  |2 21 
100 |a Nouwen, Henri Jozef Machiel  |e autor  |9 455949 
245 1 0 |a En el nombre de Jesús: un nuevo modelo de responsable de la comunidad cristiana 
250 |a 5a. ed 
300 |a 87 p 
942 |c BK 
945 |d 20010330 00:00:00  |a vberengu 
260 |a Madrid  |b PPC  |c 1998 
650 7 |a COMUNIDADES CRISTIANAS  |2 CL-VaPUC  |9 456015 
650 0 |a Iglesia Católica  |9 256114 
583 |a last modification  |c 20141205 12:22:23  |k Rodrigo Vera 
490 0 |a Colección Sauce, 6 
999 |c 294415  |d 294413 
952 |0 0  |1 0  |4 0  |6 248_800000000000000_NOU_1998  |7 0  |8 A  |9 346834  |a BIBTEO  |b BIBTEO  |d 2019-11-20  |i 3663485  |o 248.8 NOU 1998  |p 3663485  |r 2025-01-17  |w 2019-11-20  |y BK  |k ICR